00423nam a22001457a 450000500170000001000150001702000260003203500140005803700130007208200110008524500430009626000430013927000740018230000210025620220808172338.0 aENG-134360 a9789393737410c200.00 aEN-117892 bDBAD/PUB a338.04 aProspects of Millennial Entrepreneurs/ aTamil NadubShanlax publicationsc2022 a61, 66 T.P.K. main road, Vasantha nagar, madurai bTamil nadue625003 a104p.c24cm(pbk)